Представление документа в формате RUSMARC

ПолеНазваниеЗначение
  Тип записи a
  Библиографический уровень m
001 Контрольный номер RU/REG73/CBS_GRAD/60b7c8a430fd4b838b8fca52be41dd2e
005 Дата корректировки 20230406115715.0
010 Индекс ISBN __
a ISBN 978-5-353-05846-5
100 Данные общей обработки __
a Данные общей обработки 20230406d 0rusy0189## ca
101 Язык документа 0_
a Язык текста rus
102 Страна публикации __
a Страна публикации RU
200 Заглавие и сведения об ответственности 1_
a Заглавие Планета Земля
f Первые сведения об ответственности Тейлор Барбара
210 Выходные данные 1_
a Место издания Москва
c Издательство РОСМЭН
d Дата издания 2019
215 Физическое описание __
a Объем 48 с.
225 Серия 2_
a Серия Детская энциклопедия
686 Индексы других классификаций __
a Классификационный индекс 20
700 Автор _1
a Фамилия Тейлор
g Полное личное имя Барбара
801 Источник записи _0
a Страна RU
b Организация RuCBSGrad
c Дата составления 20230406
g Правила каталогизации RCR
801 Источник записи _1
a Страна RU
b Организация RuCBSGrad
c Дата составления 20230406
g Правила каталогизации RCR
901 Тип документа __
t Тип документа m